[Event "EU-Cup 23rd"]
[Site "Kemer"]
[Date "2007.10.07"]
[Round "5.1"]
[White "Haba, Petr"]
[Black "Morozevich, Alexander"]
[Result "0-1"]
[WhiteElo "2525"]
[BlackElo "2755"]
[Annotator "Marin,M"]
[PlyCount "74"]
[EventDate "2007.10.03"]
[EventType "team-swiss"]
[EventRounds "7"]
[EventCountry "TUR"]
[SourceTitle "CBM 121"]
[Source "ChessBase"]
[SourceDate "2007.11.14"]
[SourceVersion "1"]
[SourceVersionDate "2007.11.14"]
[SourceQuality "1"]
[WhiteTeam "Novy Bor"]
[BlackTeam "Tomsk 400"]
[WhiteTeamCountry "CZE"]
[BlackTeamCountry "RUS"]

1. d4 Nf6 2. c4 e6 3. g3 d5 4. Bg2 dxc4 5. Nf3 a6 {Morozevich had already
manifested his sympathy towards this move recently.} 6. O-O {This is supposed
to be the main continuation.} ({White was successful with} 6. Ne5 {in Kramnik,
V (2769)-Morozevich,A (2758)/Mexico City 2007/CBM 120/[Marin,M] (1-0, 27), but
there are several unclear points yet in this game.}) 6... Nc6 7. Nc3 Rb8 8. e4
b5 {Same policy as in the aforementioned game: Morozevich firmly believes in
his extra pawn and hopes that his practical ability will allow him extinguish
White's initiative.} 9. d5 Nb4 10. b3 cxb3 11. Qxb3 c5 12. dxc6 Nxc6 13. Bf4
Rb7 {This position looks very dangerous for Black. His position is relatively
solid, but the delay in development is quite relevant in the presence of two
open files.} 14. Rad1 $5 {Not a very frequent move. It is generally thought
that White's rooks belong on the open files.} (14. Rac1 {Bator,R (2430)-Ivanov,
S (2574)/Stockholm 2000/CBM 079/[Ribli] (0-1, 55)}) (14. Rfd1 Qb6 (14... Qa5
15. e5 Nd7 16. Ne4 Be7 17. Rac1 $18 {Lesiege,A (2572)-Yoos,J (2332)/Richmond
2002/CBM 87 ext (1-0, 23)}) (14... Nd7 {Raetsky,A (2452)-Barsov,A (2495)/Abu
Dhabi 2001/EXT 2002 (0-1, 34)} 15. e5 Be7 16. Ne4 $44) (14... Rd7 15. e5 Nd5
16. Nxd5 Rxd5 17. Ng5 Nd4 18. Bxd5 $1 Nxb3 19. Bc6+ $1 $18) 15. e5 Nd7 16. Ne4
Nc5 17. Qe3 Nxe4 18. Qxe4 Rc7 19. Rac1 $44 {Tukmakov,V (2557)-Hulak,K (2493)/
Pula 1999/EXT 2000 (1-0, 29)}) (14. e5 Nd7 (14... Na5 15. Qc2 Nd5 16. Nxd5 exd5
17. e6 Bxe6 18. Nd4 Be7 19. Rfe1 O-O 20. Nxe6 fxe6 21. Rxe6 Rf6 22. Rd1 $1 Rxe6
23. Bxd5 Qd7 24. Qf5 $16 {Gretarsson,H (2520)-Korneev,O (2568)/Reykjavik 2002/
CBM 087 ext (1-0, 40)}) 15. Ne4 Na5 16. Qc3 (16. Qc2 $5 {[%cal Gc2e2,Gf1d1,
Ga1c1]}) 16... Qc7 17. Qd4 Qb6 $13 {Nielsen,P (2668)-Van Wely,L (2655)/
Dortmund 2005/CBM 108 (1/2-1/2, 49)}) 14... Nd7 15. Rfe1 $5 $146 {But only now
do we have the new move. By keeping the e-pawn in his own half, White creates
the threat Nd5, which justifies the placement ofhis rooks.} (15. e5 Na5 16. Qb1
{This is another way of justifying the early transfer of the queen's rook to
the centre: the queen can retreat to this safe square without causing any
disharmony.} Rc7 17. Ne4 Bb7 18. Nfg5 Bxe4 19. Qxe4 Be7 20. Nxh7 Rc4 $132 {
Umansky,M-Palciauskas,V/ICCF Email 2001/Corr 2004 (1/2-1/2, 48). Here, the
absence of a white rook from the c-file makes itself felt.}) 15... Be7 (15...
Bc5 {would prevent the knight jump to the centre, but would place the bishop
on an exposed square} 16. e5 O-O 17. Ne4 $44 {[%csl Rc5,Rh7][%cal Gf3g5,Ge4d6,
Gb3b1]}) 16. Nd5 $1 Bc5 {By removing the bishop from the attacked square,
Black hopes to force the courageous knight to retreat in the near future.} (
16... exd5 17. exd5 Na5 18. Qb4 $16) (16... O-O 17. Nxe7+ Nxe7 18. Bd6 $44 {
Black will have big problems activating his pieces, leaving White clearly on
top despite his small material deficit.}) 17. e5 $1 {It appears that White's
position contains sufficient dynamism to avoid early retreats.} Na5 ({Things
are not entirely clear after} 17... exd5 18. e6 {, but Black's position
certainly looks dangerous.} Nf6 (18... O-O 19. exf7+ $5 (19. exd7 Rxd7 20. Qc2
Qb6 21. Rc1 Bb4 22. Qxc6 Qxc6 23. Rxc6 Bxe1 24. Nxe1 $14) 19... Kh8 20. Rxd5
$16 {21.Ng5 h6 22.Qc2, /\21.Qb1 h6 22.Re6, 23.Bxh6.}) (18... fxe6 19. Rxe6+ Ne7
20. Rxd5 $44) 19. exf7+ Kf8 (19... Kxf7 $2 20. Ng5+ $40) 20. Qc2 {[%csl Rc5,
Rc6]} Qb6 $8 21. Rxd5 $5 (21. Rc1 Ne4) 21... Bxf2+ (21... Nxd5 22. Re8+ Kxf7
23. Rxh8 $16 {[%csl Rc5,Rc6,Rc8,Rd5][%cal Gf3g5,Gg2b7,Gh8c8,Gc2c8]} Bxf2+ $5
24. Kh1 $1) 22. Qxf2 Qxf2+ 23. Kxf2 Nxd5 24. Re8+ Kxf7 25. Rxh8 {[%csl Rc8,Rd5,
Rf7][%cal Gf3g5]} Be6 (25... Nxf4 26. Rxc8 Nxg2 (26... Nd3+ 27. Ke3 Ndb4 28.
Ne5+ $1 $18) 27. Rxc6 $18) 26. Ng5+ Ke7 27. Rxh7 $14) (17... O-O {also fails
to solve the problems because of} 18. Qc2 $1 {[%cal Gf3g5] , for instance:}
exd5 (18... h6 19. Bxh6 $1 exd5 20. Ng5 g6 21. Bxd5 $18) 19. Ng5 g6 20. e6 Nb4
{[%csl Gd5]} 21. exf7+ Rxf7 (21... Kh8 22. Qxc5 $1 Nxc5 23. Be5+) 22. Nxf7 Kxf7
23. Bxd5+ Nxd5 24. Rxd5 $44 {Black is poorly coordinated and his king is
exposed.}) 18. Qc2 Nc4 {A natural move, aiming to activate Black's play.} ({
However,} 18... h6 {might have been more demanding. Being deprived of the
knight move to g5, he would have had to sacrifice more material in order to
maintain his initiative:} 19. Nf6+ $5 gxf6 20. exf6 {[%csl Re8][%cal Ge1e6,
Gc2g6] /\21.Rxe6+ fxe6 22.Qg6+ Kf8 23.Qg7 Ke8 24.Qxh8+} Qb6 (20... Rf8 21. Bxh6
$16) (20... Qxf6 21. Be5 Nxe5 22. Qxc5 Nec6 23. Ne5 Ne7 24. Qb4 $44) (20... Rb6
21. Rxd7 Bxd7 22. Qxc5 Rc6 23. Qh5 Nc4 24. Nd4 $40) 21. Rxe6+ ({Or} 21. Nd4 $44
{[%csl Re6][%cal Gg2b7,Gd4f5,Gf5g7] , when Black is under strong pressure and
his forces are poorly coordinated.}) 21... Qxe6 22. Re1 Qxe1+ 23. Nxe1 $44) 19.
Ng5 $1 $16 {White's attack becomes threatening now.} Ra7 $5 {Morozevich missed
the possibility of playing this move in his aforementioned game against
Kramnik. Here, the rook retreat looks to be more a display of desperation than
a real chance to save the game.} (19... h6 $2 20. Nxe6 fxe6 21. Qg6+ Kf8 22.
Qxe6 $40) 20. Nxh7 (20. Bh3 $5) 20... Qa5 21. Ng5 Ndb6 22. Ne4 $2 {Allowing
Black to get out of deep trouble.} (22. Nf6+ $1 gxf6 23. exf6 $18 {/\Nxe6, /
\Bc6+, /\Qf5, <->e, <->8, /\Bb8, צa7.}) 22... Nxd5 23. Nxc5 Nxf4 24. gxf4 g6
$13 {White's attacking potential has been reduced and the position has become
double edged.} 25. Qe4 Kf8 26. Qd4 Qb6 27. Rd3 Re7 28. Red1 Kg7 29. a4 Rc7 30.
Ne4 Qxd4 31. Rxd4 Nb2 32. Ra1 Nxa4 33. Nd6 Rc3 34. Nxc8 Rhxc8 35. Bb7 Rc1+ 36.
Rd1 Rxa1 37. Rxa1 Rb8 0-1

[Event "London Classic 6th"]
[Site "London"]
[Date "2014.12.11"]
[Round "2"]
[White "Giri, Anish"]
[Black "Adams, Michael"]
[Result "1-0"]
[WhiteElo "2768"]
[BlackElo "2745"]
[Annotator "Marin,M"]
[PlyCount "93"]
[EventDate "2014.12.10"]
[EventType "tourn"]
[EventRounds "5"]
[EventCountry "ENG"]
[EventCategory "22"]
[SourceTitle "CBM 164"]
[Source "ChessBase"]
[SourceDate "2015.01.15"]
[SourceVersion "1"]
[SourceVersionDate "2015.01.15"]
[SourceQuality "1"]

1. d4 Nf6 2. c4 e6 3. g3 d5 4. Bg2 Bb4+ 5. Nd2 ({With the mass of theory
accumulating after} 5. Bd2 {White's desire to try something less thoroughly
investigated is understandable.}) 5... O-O 6. Ngf3 {The same as in the lines
with Bc1-d2, Black will most likely lose a tempo with his bishop. As a
compensation he should make use of the knight's sub-optimal placement on d2.}
dxc4 ({Personally, I would switch to the hanging pawns, a structure for which
the d2-knight really does not stand well:} 6... b6 7. O-O Bb7 {transposing to
the QI game Lupulescu,C (2655)-Marin,M (2550) Brasov 2011 CBM 145 [Marin,M] (1/
2-1/2, 26)}) 7. Qc2 {None of the players seemed inclined to play gambit lines.}
({White had an alternative in} 7. O-O c3 8. Nc4 Nc6 9. Qd3 cxb2 10. Bxb2 $44 {
Jianu,V (2588)-Marin,M (2581) Superliga Calimanesti 2014 (3) 0-1 Kozul,Z (2560)
-Ljubojevic,L (2635) Belgrade 1989 CBM 016 [Ftacnik,L] (0-1, 42) Optically,
White has a nice position and the engines give their blessing, too. But is the
compensation real? I cannot help thinking of a similar game of mine published
in this same CBM}) 7... c5 ({And Black refrains from the brave} 7... b5 {
Gelfand,B (2700)-Almasi,Z (2676) Monte Carlo 2003 CBM 093 ext [Gelfand,B] (1-0,
37)}) (7... Nc6 {is an interesting alternative:} 8. Qxc4 {This leads to rather
static play.} (8. O-O {is more entertaining:} Bxd2 9. Bxd2 Nxd4 10. Nxd4 Qxd4
11. Be3 Qg4 12. h3 Qh5 13. Qxc4 $44 {Nonaka-Griffith,R Siegen 1970 (1/2-1/2,
40)}) 8... Qd5 9. O-O (9. Qd3 Rd8) 9... Bxd2 10. Qxd5 (10. Nxd2 Qxc4 11. Nxc4
Nxd4 $15) 10... exd5 11. Bxd2 Bg4 12. Be3 Rfe8 13. Rfc1 Rac8 14. h3 Bf5 $11 {
Goryachkina,A (2438)-Maletin,P (2598) Khanty-Mansiysk 2013 (1/2-1/2, 59)}) 8.
dxc5 (8. Qxc4 {commits the queen too early. White should aim to take on c4
with the knight.} Nc6 9. dxc5 Qe7 10. O-O Bxc5 11. a3 e5 12. b4 Bd4 13. Nxd4
Nxd4 14. e3 Be6 15. Qd3 Bf5 16. Ne4 Bxe4 17. Bxe4 Ne2+ 18. Qxe2 Nxe4 $11 {
Kopylov,M (2449)-Tiviakov,S (2618) Haarlem 2001 (1/2-1/2, 23)}) 8... c3 {
The consequences of the structural modifications induced by this move are far
from one-sided. True, Black gets some stable squares along the c-file, but
opens the b-file for White's major pieces, turning the b7-pawn into a
comfortable target.} (8... Nc6 9. O-O Qe7 10. Nxc4 Bxc5 11. Nfe5 {is more
incisive.} (11. Bf4 {This is good but probably not strongest.} Nb4 12. Qb1 (12.
Qb3 a5 13. Be3 b5 {0-1 (29) Bluvshtein,M (2520)-Tiviakov,S (2648) Montreal 2007
} 14. Bxc5 Qxc5 15. Nce5 $14 {The position is almost symmetrical, but White
has chances of reaching a pleasant Catalan ending due to Black's queenside
weaknesses.}) 12... a5 13. a3 Nc6 14. Qc2 Nd5 15. Bg5 (15. Bd2 Bd7 16. e4 Nb6
17. e5 $14 {Haba,P (2525)-Tischbierek,R (2487) Germany 2008 (1-0, 47)}) 15...
f6 16. Bd2 b5 $6 {Anand,V (2810)-Karpov,A (2619) Madrid (rapid) 2011 (1/2-1/2,
39)} 17. Rac1 $1 $16) 11... Nxe5 12. Nxe5 Qc7 13. Be3 Bd6 14. Qxc7 Bxc7 15. Bd4
Nd5 16. Rac1 Bxe5 17. Bxe5 Bd7 18. e4 Nb6 19. Rfd1 Bc6 20. f3 $16 {[%csl Rb6,
Rc6,Ge5,Gg2] Saric,A (2514)-Zorko,J (2396) Nova Gorica 2009 (1-0, 41)}) (8...
Bxc5 {is likely to transpose above.}) 9. bxc3 Bxc5 10. O-O {The most flexible
move.} (10. Nb3 {is not that bad, either, but Giri had other plans for his
knight.} Be7 11. O-O Bd7 12. Rd1 Qc8 13. e4 Nc6 14. e5 Nd5 15. Bd2 Qc7 16. c4
Nb6 17. Qe4 {with some light pressure, Gretarsson,H (2516)-Romanishin,O (2521)
Wijk aan Zee 2013 (1-0, 38)}) 10... Qc7 {A highly committal move, exposing the
queen to the white minor pieces' attack. In principle, Black should concern
himself with developing his queen's knight as soon as possible.} ({True,} 10...
Nc6 {does not contribute to consolidating the blockade on c5.} 11. Nb3 (11. Rb1
$1 $14 {[%csl Rb7]}) 11... Be7 12. Nfd4 Bd7 13. Nxc6 Bxc6 14. Bxc6 bxc6 15. c4
Qb6 16. Bd2 Qa6 17. Rfd1 Rab8 {Grigoryan,A (2583)-Neelotpal,D (2427) Kolkata
2014 (1/2-1/2, 44). Optically, White's position is a bit more appealing, but
Black is doing fine basically.}) ({But the untested} 10... Nbd7 $5 {is worth
investigating.}) 11. Ne4 $5 $146 (11. Nc4 Nbd7 ({As dangerous as Black's
position might seem after} 11... Bxf2+ 12. Rxf2 Qxc4 {there is no clear
refutation of this pawn grabbing:} 13. Ba3 Re8 14. Raf1 Nbd7 15. Ng5 h6 16. Ne4
Nxe4 17. Rxf7 Ndf6 18. R1xf6 gxf6 19. Rxf6 Qxc3 20. Rg6+ Kf7 21. Bxe4 Qxc2 22.
Bxc2 $44) 12. Qb3 $6 {Losing too much time.} ({Curiously, he went in for the
penny, but not for the pound...} 12. Bf4 Bxf2+ 13. Rxf2 Qxc4 14. Bd6 Re8 15.
Rd1 $44) 12... e5 13. a4 Rb8 14. Bg5 Re8 15. a5 {Kaidanov,G (2540)-Tiviakov,S 
(2520) Torcy 1991 (1/2-1/2, 31)} Ne4 16. Be3 Ndf6 $15) 11... Nxe4 (11... Be7
12. Bf4 Qa5 13. Bd6 $16) 12. Qxe4 Nd7 13. Bf4 {Here are the unfavourable
consequences of the early queen development.} Bd6 (13... Qa5 14. Rab1 Qxa2 (
14... Qxc3 15. Rfc1 $36) 15. Ng5 g6 (15... Nf6 16. Qd3 {[%csl Ra2][%cal Gb1a1]}
Qa4 17. Be5 h6 18. Bxf6 hxg5 19. Bxg5 $32 {[%csl Ra8,Rb7,Rc8]}) 16. Qd3 $36 {
[%cal Gg5e4]}) 14. Bxd6 Qxd6 15. Rfd1 Qc7 16. Qb4 Nf6 {This move does not
contribute to the queenside defence.} ({I would have mainly considered} 16...
Nc5 $5 17. Nd4 Bd7 18. Nb3 {Obviously the only way to fight for the initiative.
} Nxb3 19. axb3 Bc6 20. Bxc6 Qxc6 21. Rd3 {White retains some slight pressure
but it is hard to believe that Black risks losing this position. He just has
to avoid tricks such as} Rfd8 $4 22. Rxa7 $1) ({Or maybe even} 16... Nb6 $5 {
[%csl Gc4]}) 17. Nd4 a6 ({It would have been preferable to attack the queen at
once, before it gets support on the c5- and d6-squares.} 17... a5 $1 18. Qb2
Rb8 $14) 18. Nb3 a5 (18... Rb8 19. Qc5 Qxc5 20. Nxc5 b6 21. Rab1 $16 {[%cal
Gd1d6]}) 19. Qc5 $1 $16 {This is the difference! Black is in trouble already.}
Qb8 20. Rab1 b6 21. Qd6 $6 {Natural, but offering Black some saving chances.} (
21. Qc6 $1 Nd5 22. Bxd5 exd5 23. Nd4 $16) 21... Nd5 $1 {Black could not avoid
losing a pawn anyway, so the best thing is getting an active bishop versus
knight ending in an open position.} (21... Bb7 22. Bxb7 Qxb7 23. Nc5 Qb8 24.
Rxb6 $16) 22. Qxb8 Rxb8 23. Bxd5 exd5 24. Nxa5 (24. Rxd5 Be6 25. Rd6 Rfd8 $14 {
[%csl Ga2,Gc3]}) 24... Bf5 25. Nc6 Bxb1 26. Nxb8 Bxa2 27. Nd7 Re8 28. Nxb6 (28.
Rd2 Bc4 29. Nxb6 Bxe2 30. Kg2 Bb5 31. Nxd5 {offers White slightly better
coordination than in the game.}) 28... Rxe2 29. c4 Kf8 30. Rxd5 Bb1 31. Rd8+
Ke7 32. Rd1 {White has won a pawn, but Black's pieces are active and the white
kingside is weak on the light squares.} Bc2 ({The natural} 32... Be4 $1 {
would have offered excellent drawing chances.} 33. Kf1 (33. Nc8+ Ke6 34. Nd6
Bc6 {offers Black a reliable fortress.}) 33... Rb2 $1 {Adams might have
overlooked this move, neutralising the dangers along the e-file.} 34. Re1 f5
$44) 33. Nc8+ Kf6 34. Rd6+ Kg5 35. Kf1 Re8 36. Rd5+ Kf6 37. Nd6 Ra8 38. Ke2 $16
{White has made a lot of progress and can hope for a win.} Ra1 $2 {A pseudo
active move, leaving the back rank undefended.} (38... Ba4 $1 {[%csl Ge8][%cal
Ga4c6,Ga8a2] would have been the start of a more effective regrouping.} 39. Kd3
Bd7 {[%cal Ga8a2]}) 39. Ne8+ Kg6 40. Rd6+ f6 41. Rd7 $18 Kh6 42. Nxg7 Ra2 43.
Ke3 Ra5 44. Re7 Rc5 45. Kd4 Re5 46. Rxe5 fxe5+ 47. Kc3 1-0

[Event "Paris FIDE GP"]
[Site "Elancourt"]
[Date "2013.09.29"]
[Round "7"]
[White "Tomashevsky, Evgeny"]
[Black "Wang, Hao"]
[Result "1/2-1/2"]
[WhiteElo "2706"]
[BlackElo "2747"]
[Annotator "Marin,M"]
[PlyCount "86"]
[EventDate "2013.09.22"]
[EventType "tourn"]
[EventRounds "11"]
[EventCountry "FRA"]
[EventCategory "20"]
[SourceTitle "CBM 157"]
[Source "ChessBase"]
[SourceDate "2013.11.12"]
[SourceVersion "1"]
[SourceVersionDate "2013.11.12"]
[SourceQuality "1"]
[WhiteClock "2:00:00"]
[BlackClock "2:00:00"]

1. d4 Nf6 2. c4 e6 3. Nf3 d5 4. g3 dxc4 5. Bg2 c5 6. O-O Nc6 7. Qa4 Bd7 {
[%cal Gd7a4,Gc6d4]} 8. Qxc4 b5 9. Qd3 c4 {This has been played quite a lot,} ({
but the by far more popular continuation is} 9... Rc8 {, maintaining the
tension.}) 10. Qc2 Be7 {After the pressure has been released, it is a good
idea to complete the kingside development as quickly as possible.} (10... Rc8 {
is not without risks:} 11. Nc3 Be7 12. Bg5 b4 (12... O-O 13. Bxf6 Bxf6 14. Nxb5
Qb6 15. Nd6 Rc7 16. Nxc4 Nxd4 17. Nxb6 Nxc2 18. Nxd7 Rxd7 19. Rac1 Rc8 20. b3
$14 {Postny,E (2627)-Marcelin,C (2510)/France 2008/CBM 123 Extra (1-0, 57)})
13. Bxf6 gxf6 (13... Bxf6 14. Ne4 Be7 15. Qxc4 $16) 14. d5 Na5 15. Nd1 O-O (
15... exd5 16. Ne3 Be6 17. Rad1 O-O 18. Nxd5 Bxd5 19. e4 $16) 16. Ne3 $14 {
Vladimirov,E (2580)-Rodriguez Vargas,O (2235)/Logrono 1991/EXT 1997 (1-0, 61)})
11. Nc3 {A normal developing move,} ({but the early occupation of the centre
deserves some attention:} 11. e4 O-O 12. Qe2 Qb6 13. Rd1 Rfe8 14. Be3 Ng4 15.
Bf4 Rad8 16. e5 $5 {[%csl Gg4] X Ng4 Wen,Y (2545)-Xiu,D (2508)/Ningbo 2011/EXT
2012 (0-1, 40)}) 11... O-O $146 {Since the b5-pawn is taboo (12.Nxb5? b4 wins
the knight soon), it makes little sense for Black to defend it yet.} (11... a6
{allows White to comfortably choose the central plan:} 12. a3 $5 {[%cal Gc6b4,
Gb4d3]} O-O {Rusev,K (2453)-Yordanov,N (2237)/Pernik 2007/CBM 117 ext (1-0, 38)
} 13. e4 $5 $14) 12. Bg5 ({But now} 12. a3 {is too slow:} Qb6 13. Rd1 Na5 $132)
12... b4 $6 {This is rather risky. After White has defined his intentions,
Black should have finally defended his pawn.} (12... Qb6 $5) (12... a6 $5) ({
The point is that White's last move has created some threat already, making a
neutral move like} 12... Rc8 $6 {dubious:} 13. Bxf6 $1 gxf6 (13... Bxf6 {
leaves the b4-square undefended, allowing} 14. Nxb5 Nb4 15. Qd2 $16) 14. Rad1
$14) 13. Bxf6 gxf6 (13... Bxf6 14. Ne4 Na5 15. Ne5 $36) 14. d5 {Maybe a bit
too straightforward.} (14. Nd1 $5 {[%cal Gc2c4]} Na5 15. Ne3 Rc8 16. d5 {
tranposes to the aforementioned Vladimirov,E (2580)-Rodriguez Vargas,O (2235)/
Logrono 1991/EXT 1997 (1-0, 61)}) (14. Ne4 $5 Na5 15. Nc5 Bb5 (15... Bc6 16. a3
) (15... Bxc5 16. dxc5 Rc8 17. Rfd1 Qe7 18. a3 $36 Nb3 19. axb4 $5 Nxa1 20.
Rxa1) 16. Rfd1 $36 {[%cal Ga2a3,Gc2e4,Gc2d2,Gd2h6,Ge4g4]}) 14... bxc3 {The
safest.} ({There was alot of analysis during the press conference on the
position resulting after} 14... Na5 15. Rad1 ({Actually,} 15. Nd1 $1 {would
once again transpose to the familiar position.}) 15... bxc3 16. d6 {However,
both players overlooked the nice tactics} Bxd6 17. Rxd6 Ba4 18. Rxd8 (18. Qxa4
Qxd6 19. Qxa5 cxb2 20. Qc3 Rab8 {and the pawns are too dangerous.}) 18... Bxc2
19. Rxa8 Rxa8 20. bxc3 Rb8 $36 {[%cal Gb8b2]}) 15. dxc6 Bxc6 16. Qxc3 Rc8 17.
Rfd1 ({Tomashevsky suggested} 17. Rad1 {as a possible improvement. His idea
was that after} Qb6 18. Rd4 f5 19. Rxc4 Bb7 {he could try} 20. b3 {not fearing
the pin along the long diagonal. However, both players agreed soon that after}
Ba6 21. Rxc8 Rxc8 {Black's initiative would at least compensate for the
missing pawn.} 22. Qb2 Qc5 $44) 17... Qb6 18. Rd4 {Creating threats on both
wings.} f5 $1 {Black rightly decides that the pawn is less important than his
king's safety.} (18... Bd5 $6 19. Rg4+ Kh8 20. Nd2 $36) 19. Rxc4 Bb7 20. Ne5 {
White needs to activate his minor pieces at once. Otherwise, he might be worse
despite his extra pawn. Black's bishops were becoming too threatening.} Bf6 21.
Nd7 {This looks strong, but leads only to drawish simplifications.} Bxc3 22.
Nxb6 Rxc4 $1 (22... axb6 23. Rxc3 Rxc3 24. bxc3 Bxg2 25. Kxg2 Rc8 26. Rc1 $14)
23. Nxc4 Ba6 24. Rc1 Bxc4 25. Rxc3 Bxe2 (25... Bxa2 {is equally good.} 26. Ra3
Bc4 27. Rxa7 Bxe2 28. f4 Rb8 29. Ra8 Rxa8 30. Bxa8 {The passed pawn is not too
dangerous. Black will centralise his king quickly and then create a passed
pawn of his own with ...f7-f6 and ...e6-e5.} Kf8 31. Kf2 Bb5 32. Ke3 Ke7 33.
Kd4 Kd6 $11 {[%cal Gf7f6,Ge6e5]}) 26. Bf1 (26. Bb7 Kg7 27. Rc2 (27. Ra3 Rd8) (
27. Rc8 Rxc8 28. Bxc8 Bf3 {[%cal Gg7d4]}) 27... Rb8 $11) 26... Bh5 $5 27. f4
Rd8 28. Rd3 {Tomashevsky had the feeling that with little time his position
was starting to become a bit unpleasant.} ({He suggested} 28. Bd3 $11 {as
simplest, but the position remains equal after his game, too.}) 28... Rc8 29.
Rd2 Bf3 30. Bg2 $11 {Objectively, there is not much play left in this rook
ending.} Rc1+ 31. Kf2 Bxg2 32. Kxg2 Kf8 33. Kf3 Ke7 34. Ke3 h5 35. Rd4 Rc2 36.
Ra4 Rxb2 37. Rxa7+ Kf6 38. h4 Rg2 39. Kf3 Rc2 40. Ra8 Rc3+ 41. Kf2 Rc2+ 42. Kf3
Rc3+ 43. Kf2 Rc2+ 1/2-1/2